000 00226nam a2200097Ia 4500
001 806364
005 20250826171210.0
008 250824s9999 xx 000 0 und d
245 0 _aGREV
_cORHAN KEMAL
260 _bEVEREST YAYINLARI
999 _c806364
_d806364